000 00530nam a2200181Ia 4500
005 20260429112236.0
008 260429s9999||||xx |||||||||||||| ||und||
020 _a9788196970444
041 _aHindi
082 _a891.433
_bGOY
100 _aगोयल, अजय
245 0 _aएक और मनोहर /
_cअजय गोयल
250 _a1st ed.
260 _aनई दिल्ली :
_bप्रकाशन संस्थान,
_c2024.
300 _a112 p.; Hb
650 _aHindi fiction
942 _cTB
999 _c53079
_d53079